Study the tntegrated faming system in odurmbang1 commune, sabgker district, battambang province, ការសិក្សាពីប្រព័ន្ធកសិកម្មចម្រុះនៅឃុំអូរដំបង១ ស្រុកសង្កែ ខេត្តបាត់ដំបង. (Record no. 1429)
[ view plain ]
| 000 -LEADER | |
|---|---|
| fixed length control field | 00675nam a22001577a 4500 |
| 003 - CONTROL NUMBER IDENTIFIER | |
| control field | OSt |
| 005 - DATE AND TIME OF LATEST TRANSACTION | |
| control field | 20150928173910.0 |
| 008 - FIXED-LENGTH DATA ELEMENTS--GENERAL INFORMATION | |
| fixed length control field | 150928b xxu||||| |||| 00| 0 eng d |
| 040 ## - CATALOGING SOURCE | |
| Transcribing agency | RUA |
| 082 ## - DEWEY DECIMAL CLASSIFICATION NUMBER | |
| Classification number | AGR.BB CHH 2010 B060 Or.1 |
| 100 ## - MAIN ENTRY--PERSONAL NAME | |
| 9 (RLIN) | 1519 |
| Personal name | CHHIN, DIORNG. |
| 245 ## - TITLE STATEMENT | |
| Title | Study the tntegrated faming system in odurmbang1 commune, sabgker district, battambang province, ការសិក្សាពីប្រព័ន្ធកសិកម្មចម្រុះនៅឃុំអូរដំបង១ ស្រុកសង្កែ ខេត្តបាត់ដំបង. |
| 260 ## - PUBLICATION, DISTRIBUTION, ETC. (IMPRINT) | |
| Place of publication, distribution, etc. | pphnom phen |
| Name of publisher, distributor, etc. | RUA |
| Date of publication, distribution, etc. | 2010 |
| 300 ## - PHYSICAL DESCRIPTION | |
| Extent | IV,44p. |
| Other physical details | ill. |
| Dimensions | 29cm. |
| 942 ## - ADDED ENTRY ELEMENTS (KOHA) | |
| Source of classification or shelving scheme | |
| Koha item type | AGR.bb |
| Price effective from | Date last seen | Permanent Location | Not for loan | Date acquired | Source of classification or shelving scheme | Koha item type | Lost status | Withdrawn status | Date last checked out | Total Checkouts | Shelving location | Damaged status | Barcode | Current Location | Full call number |
|---|---|---|---|---|---|---|---|---|---|---|---|---|---|---|---|
| 2015-09-28 | 2015-09-28 | Library Block B | 2015-09-28 | AGR.bb | B060 | RUA009971 | Library Block B | AGR.BB CHI 2010 B060 Or.1 | |||||||
| 2015-09-28 | 2015-09-28 | Library Block B | 2015-09-28 | AGR.bb | B060 | RUA001673 | Library Block B | AGR.BB CHI 2010 B060 Or.2 | |||||||
| 2015-09-28 | 2015-09-28 | Library Block B | 2015-09-28 | AGR.bb | B060 | RUA001883 | Library Block B | AGR.BB CHI 2010 B060 Or.3 | |||||||
| 2015-09-28 | 2015-09-28 | Library Block B | 2015-09-28 | AGR.bb | B060 | RUA001811 | Library Block B | AGR.BB CHI 2010 B060 Or.4 | |||||||
| 2015-09-28 | 2015-09-28 | Library Block B | 2015-09-28 | AGR.bb | B060 | RUA001690 | Library Block B | AGR.BB CHI 2010 B060 Or.5 | |||||||
| 2015-09-28 | 2015-09-28 | Library Block B | 2015-09-28 | AGR.bb | B060 | RUA001899 | Library Block B | AGR.BB CHH 2010 B060 Or.6 | |||||||
| 2015-09-28 | 2015-09-28 | Library Block B | 2015-09-28 | AGR.bb | B060 | RUA001761 | Library Block B | AGR.BB CHI 2010 B060 Or.7 | |||||||
| 2015-09-28 | 2023-07-03 | Library Block B | 2015-09-28 | AGR.bb | 2023-06-16 | 1 | B060 | RUA009689 | Library Block B | AGR.BB CHI 2010 B060 Or.8 |